| 000 | 00787nam a2200289Ia 4500 | ||
|---|---|---|---|
| 005 | 20260324120543.0 | ||
| 008 | 008 260324s9999 xx 000 0 eng d | ||
| 020 | _a9780429256707 | ||
| 037 | _aEBOOK | ||
| 040 | _aCRL | ||
| 040 | _beng | ||
| 040 | _cCRL | ||
| 041 | _2eng | ||
| 041 | _aeng | ||
| 084 | _qCRL | ||
| 100 |
_aMaximilian Edelbacher; Peter C. Kratcoski _91159032 |
||
| 245 | 0 | _aCollaborative Policing | |
| 245 | 0 | _bPolice, Academics, Professionals, and Communities Working Together for Education, Training, and Program Implementation | |
| 260 | _bTaylor and Francis | ||
| 260 | _c2015 | ||
| 365 | _a | ||
| 365 | _b160 | ||
| 856 | _uhttp://www.taylorfrancis.com/books/9780429256707 | ||
| 942 | _cEBOOK | ||
| 999 |
_c1750634 _d1750634 |
||